| 000 | 01431nam a22002417a 4500 | ||
|---|---|---|---|
| 999 |
_c63003 _d63003 |
||
| 003 | Ge_BSU | ||
| 005 | 20250429164838.0 | ||
| 008 | 250429s2009 ge ||||| |||| 00| 0 geo d | ||
| 020 | _a9789941409646 | ||
| 041 | _ageo | ||
| 080 | _a634.31 : 581.154 ბ-51 | ||
| 100 |
_aბერიძე, ნოდარ _919537 |
||
| 245 |
_aფორთოხლის (Citrus Sinensis (L.) Osb.) სპონტანური და ინდუცირებული მუტაცია და ეკომორფოლოგია : _b[მონოგრაფია] / _cნოდარ ბერიძე, ზურაბ ბუკია ; [რედ. დავით ბარათაშვილი]. |
||
| 264 |
_aბათუმი : _bშოთა რუსთაველის უნ-ტის გამ-ბა და სტ., _c2009. |
||
| 300 |
_a272 გვ. : _bცხრ., სურ. ; _c20 სმ. |
||
| 504 | _aბიბლიოგრ.: გვ. 259-268. | ||
| 520 | _aრეზ. ინგლ. და რუს. | ||
| 653 | _aფორთოხლის მუტაცია | ||
| 700 |
_aბუკია, ზურაბ _eავტორი _924969 |
||
| 700 |
_aბარათაშვილი, დავით _eრედაქტორი _91718 |
||
| 856 |
_uhttps://dspace.nplg.gov.ge/bitstream/1234/6526/1/Fortoxlis_Spontanuri_Mutacia.pdf _yელ. ვერსია |
||
| 942 |
_2udc _cᲬᲘᲒᲜᲘ |
||